<?xml version="1.0" encoding="UTF-8"?>
<record
    xmlns:xsi="http://www.w3.org/2001/XMLSchema-instance"
    xsi:schemaLocation="http://www.loc.gov/MARC21/slim http://www.loc.gov/standards/marcxml/schema/MARC21slim.xsd"
    xmlns="http://www.loc.gov/MARC21/slim">

  <leader>01478nam0a22002771  4500</leader>
  <controlfield tag="001">v19\rc\1964836</controlfield>
  <controlfield tag="005">20260406004122.0</controlfield>
  <datafield tag="035" ind1=" " ind2=" ">
    <subfield code="a">(NLR Aleph) 005269153</subfield>
  </datafield>
  <datafield tag="090" ind1=" " ind2=" ">
    <subfield code="a">5980782</subfield>
    <subfield code="c">5980782</subfield>
  </datafield>
  <datafield tag="100" ind1=" " ind2=" ">
    <subfield code="a">20080428e19141914|||y0rusy50      ca</subfield>
  </datafield>
  <datafield tag="101" ind1="0" ind2=" ">
    <subfield code="a">rus</subfield>
  </datafield>
  <datafield tag="102" ind1=" " ind2=" ">
    <subfield code="a">RU</subfield>
  </datafield>
  <datafield tag="105" ind1=" " ind2=" ">
    <subfield code="a">y   z   |||||</subfield>
  </datafield>
  <datafield tag="200" ind1="1" ind2=" ">
    <subfield code="a">&#x418;&#x441;&#x43F;&#x44B;&#x442;&#x430;&#x43D;&#x438;&#x435; &#x434;&#x438;&#x444;&#x442;&#x435;&#x440;&#x438;&#x439;&#x43D;&#x43E;&#x439; &#x441;&#x44B;&#x432;&#x43E;&#x440;&#x43E;&#x442;&#x43A;&#x438; &#x438; &#x433;&#x43E;&#x441;&#x443;&#x434;&#x430;&#x440;&#x441;&#x442;&#x432;&#x435;&#x43D;&#x43D;&#x44B;&#x439; &#x43A;&#x43E;&#x43D;&#x442;&#x440;&#x43E;&#x43B;&#x44C; &#x43D;&#x430;&#x434; &#x43D;&#x435;&#x44E;</subfield>
    <subfield code="f">&#x41F;&#x440;&#x438;&#x432;.-&#x434;&#x43E;&#x446;. &#x421;.&#x421;. &#x410;&#x431;&#x440;&#x430;&#x43C;&#x43E;&#x432;</subfield>
  </datafield>
  <datafield tag="210" ind1=" " ind2=" ">
    <subfield code="a">&#x41C;&#x43E;&#x441;&#x43A;&#x432;&#x430;</subfield>
    <subfield code="c">&#x442;&#x438;&#x43F;. "&#x41C;&#x44B;&#x441;&#x43B;&#x44C;", 2-&#x435; &#x43E;&#x442;&#x434;-&#x43D;&#x438;&#x435;</subfield>
    <subfield code="d">1914</subfield>
  </datafield>
  <datafield tag="215" ind1=" " ind2=" ">
    <subfield code="a">[2], 32 &#x441;.</subfield>
    <subfield code="d">26</subfield>
  </datafield>
  <datafield tag="311" ind1=" " ind2=" ">
    <subfield code="a">&#x41E;&#x442;&#x442;. &#x438;&#x437; "&#x421;&#x431;&#x43E;&#x440;&#x43D;&#x438;&#x43A;&#x430; &#x43C;&#x43E;&#x43D;&#x43E;&#x433;&#x440;&#x430;&#x444;&#x438;&#x439; &#x43F;&#x43E; &#x434;&#x438;&#x444;&#x442;&#x435;&#x440;&#x438;&#x438;", &#x43F;&#x43E;&#x434; &#x440;&#x435;&#x434;. &#x424;.&#x41C;. &#x411;&#x43B;&#x44E;&#x43C;&#x435;&#x43D;&#x442;&#x430;&#x43B;&#x44F; &#x438; &#x41C;.&#x41C;. &#x413;&#x440;&#x430;&#x43D;&#x430;</subfield>
  </datafield>
  <datafield tag="488" ind1=" " ind2="0">
    <subfield code="1">2001#$a&#x421;&#x431;&#x43E;&#x440;&#x43D;&#x438;&#x43A; &#x43C;&#x43E;&#x43D;&#x43E;&#x433;&#x440;&#x430;&#x444;&#x438;&#x439; &#x43F;&#x43E; &#x434;&#x438;&#x444;&#x442;&#x435;&#x440;&#x438;&#x438;$f&#x41F;&#x43E;&#x434; &#x440;&#x435;&#x434;. &#x424;.&#x41C;. &#x411;&#x43B;&#x44E;&#x43C;&#x435;&#x43D;&#x442;&#x430;&#x43B;&#x44F; &#x438; &#x41C;.&#x41C;. &#x413;&#x440;&#x430;&#x43D;&#x430;</subfield>
    <subfield code="1">702#1$a&#x411;&#x43B;&#x44E;&#x43C;&#x435;&#x43D;&#x442;&#x430;&#x43B;&#x44C;$b&#x424;.&#x41C;.$f1859-$g&#x424;&#x438;&#x43B;&#x438;&#x43F;&#x43F; &#x41C;&#x430;&#x440;&#x43A;&#x43E;&#x432;&#x438;&#x447;$4340</subfield>
    <subfield code="1">702#1$a&#x413;&#x440;&#x430;&#x43D;$b&#x41C;.&#x41C;.$f1867-1940$g&#x41C;&#x43E;&#x438;&#x441;&#x435;&#x439; &#x41C;&#x430;&#x440;&#x43A;&#x43E;&#x432;&#x438;&#x447;$4340</subfield>
    <subfield code="t">&#x421;&#x431;&#x43E;&#x440;&#x43D;&#x438;&#x43A; &#x43C;&#x43E;&#x43D;&#x43E;&#x433;&#x440;&#x430;&#x444;&#x438;&#x439; &#x43F;&#x43E; &#x434;&#x438;&#x444;&#x442;&#x435;&#x440;&#x438;&#x438;</subfield>
  </datafield>
  <datafield tag="700" ind1=" " ind2="1">
    <subfield code="8">rus</subfield>
    <subfield code="7">ca</subfield>
    <subfield code="a">&#x410;&#x431;&#x440;&#x430;&#x43C;&#x43E;&#x432;</subfield>
    <subfield code="b">&#x421;. &#x421;.</subfield>
    <subfield code="c">&#x434;-&#x440; &#x43C;&#x435;&#x434;&#x438;&#x446;&#x438;&#x43D;&#x44B;</subfield>
    <subfield code="f">1876-1951</subfield>
    <subfield code="g">&#x421;&#x435;&#x440;&#x433;&#x435;&#x439; &#x421;&#x435;&#x43C;&#x435;&#x43D;&#x43E;&#x432;&#x438;&#x447;</subfield>
    <subfield code="3">RU\NLR\AUTH\77113641</subfield>
    <subfield code="9">96566</subfield>
  </datafield>
  <datafield tag="801" ind1=" " ind2="0">
    <subfield code="a">RU</subfield>
    <subfield code="b">NLR</subfield>
    <subfield code="c">20080428</subfield>
    <subfield code="g">psbo</subfield>
  </datafield>
  <datafield tag="801" ind1=" " ind2="0">
    <subfield code="a">RU</subfield>
    <subfield code="b">RuMoRGB</subfield>
    <subfield code="c">20080428</subfield>
    <subfield code="2">psbo</subfield>
  </datafield>
  <datafield tag="801" ind1=" " ind2="1">
    <subfield code="a">RU</subfield>
    <subfield code="b">ProSoft-M</subfield>
    <subfield code="c">20080428</subfield>
    <subfield code="2">rusmarc</subfield>
  </datafield>
  <datafield tag="801" ind1=" " ind2="2">
    <subfield code="a">RU</subfield>
    <subfield code="b">NLR</subfield>
    <subfield code="c">20120806</subfield>
    <subfield code="2">rusmarc</subfield>
  </datafield>
  <datafield tag="852" ind1=" " ind2=" ">
    <subfield code="a">NLR</subfield>
    <subfield code="j">37.54.3.520</subfield>
  </datafield>
  <datafield tag="942" ind1=" " ind2=" ">
    <subfield code="c">BOOK</subfield>
  </datafield>
  <datafield tag="980" ind1=" " ind2=" ">
    <subfield code="a">NB</subfield>
  </datafield>
  <datafield tag="995" ind1=" " ind2=" ">
    <subfield code="5">2013-10-26</subfield>
    <subfield code="b">NLR02</subfield>
    <subfield code="c">NLR02</subfield>
    <subfield code="e">RFS</subfield>
    <subfield code="f">5269153-10</subfield>
    <subfield code="k">37.54.3.520</subfield>
    <subfield code="o">0</subfield>
    <subfield code="r">BOOK</subfield>
    <subfield code="s">37543520_</subfield>
  </datafield>
</record>
